| 000 | 01150nam a2200337 i 4500 | ||
|---|---|---|---|
| 005 | 20260510165359.0 | ||
| 008 | 260510t20252025my a gr 000 1 may d | ||
| 020 |
_a9789673699964 _cRM12.00 _qpaperback |
||
| 040 |
_aPPAK _beng _cPPAK _erda |
||
| 082 | 0 | 4 |
_223 _a899.2333 |
| 090 | 0 | 0 |
_a899.2333 _bVEE _dG |
| 100 | 0 |
_aVee Dia Yusof, _eauthor. |
|
| 245 | 1 | 0 |
_aBILIK JAHITAN / _cVEE DIA YUSOF, NADIYAH ZOLKEPLI, ZALIPAH IBRAHIM ; Editor: Zaki Zainol ; Ilustrasi: Beny Maulana. |
| 264 | 1 |
_aBatu Caves, SELANGOR : _bPenerbit X, _c2025 |
|
| 264 | 4 | _c©2025 | |
| 300 |
_a132 pages, 6 unumbered pages : _billustrations ; _c19 cm |
||
| 336 |
_atext _2rdacontent |
||
| 337 |
_aunmediated _2rdamedia |
||
| 338 |
_avolume _2rdacarrier |
||
| 490 | 1 | _aSIRI PUAKA SEKOLAH | |
| 650 | 1 | 0 | _aMalay fiction |
| 650 | 2 | 0 | _aHorror tales |
| 650 | 2 | 0 | _aGhost stories |
| 650 | 2 | 4 | _aMalaysia fiction (Malay) |
| 700 | 0 |
_aNadiyah Zolkepli, _eauthor. |
|
| 700 | 0 |
_aZalipah Ibrahim, _eauthor. |
|
| 700 | 0 |
_aZaki Zainol, _eeditor. |
|
| 700 | 0 |
_aBeny Maulana, _eillustrator. |
|
| 830 | 0 | _aSiri puaka sekolah | |
| 942 |
_2ddc _cB |
||
| 999 |
_c204142 _d204142 |
||